000 01015nam a2200289 i 4500
001 145938
003 ES-MaACL
005 20240523063040.0
007 t|
008 161107s1986 sp ac |||| |dspa d
020 _a84-03-00065-0
080 _a821.134.2-82"16"
100 1 _aQuevedo, Francisco de,
_d1580-1645
_994591
245 1 0 _aObras completas.
_pObras en prosa /
_cDon Francisco de Quevedo y Villegas ; estudio preliminar, edición y notas de Felicidad Buendía.
246 3 0 _aObras en prosa
250 _a6ª ed., 5ª reimp.
260 _aMadrid :
_bAguilar,
_c1986.
300 _a2 v. (1974 p.) :
_b1 retr., il. ;
_c18 cm.
490 1 _aColección obras eternas
500 _aÍndices.
505 8 _aContiene: [v. 1 y v. 2] ;
_tObras en prosa
597 _aTexto a 2 columnas.
700 1 _aBuendia, Felicidad.
_932365
830 0 _aColección obras eternas
_9187414
852 _aES-MaACL
_jL-30765-66
_z- enc. guaflex
_z. - Donat. Miguel A. Velasco
999 _c145938
_d145938